| 000 | 00465nam a22001697a 4500 | ||
|---|---|---|---|
| 999 |
_c12123 _d12123 |
||
| 008 | 210120b ||||| |||| 00| 0 eng d | ||
| 082 | 0 | 0 |
_a621.811 _bH2435 |
| 100 |
_91552 _aHannah, John |
||
| 245 | 1 | 0 |
_aMechanics of machines, advanced theory and examples _cBy John Hannah |
| 250 | _a2nd ed. London | ||
| 260 |
_aLondon _bEdward Arnold _c1966 |
||
| 300 | _ax,449 p. | ||
| 365 | _d31.50 | ||
| 650 | 0 | _aMachinery | |
| 700 |
_9663 _aStephens, R. C. |
||
| 942 | _cBK | ||